000 01210cab a22002055a 4500
001 L156546
008 120606e2012 xxk 000 0 eng d
035 _a(Sirsi) u156546
041 0 _aeng
110 2 _aDTZ
245 0 0 _aDTZ Foresight UK fair value Q1 2012
_h[electronic resource]
260 _aLondon
_bDTZ
_c2012
490 0 _aDTZ Foresight UK Fair Value
_vQ2 2012 29 May 2012
520 _aThe DTZ Fair Value Index score for the UK rose to 65 from 53 in Q4 2011 indicating that the market continues to become better value. Prime property is providing investors with an attractive proposition in difficult economic conditions and pricing is at its most attractive since mid-2009. The improved score is driven by a persistent reduction in bond yields and a yield increase in several UK property markets. Regional yields have shifted out but London yields have held firm. However the forecasts for London yields are now expected to remain low for longer.
590 _aNTK KA
651 4 _aUnited Kingdom
690 _aCommercial property
_96227
856 4 0 _uhttps://www.dtz.com/Global/Research/DTZ+Foresight+UK+Fair+Value+Q1+2012
_zView the report after free registration at www.dtz.com
942 _n0
999 _c84071
_d84071